|
|
|
|
| LEADER |
00000cam a22000004a 4500 |
| 001 |
musev2_5071 |
| 003 |
MdBmJHUP |
| 005 |
20230905040617.0 |
| 006 |
m o d |
| 007 |
cr||||||||nn|n |
| 008 |
050706s2006 nyu o 00 0 eng d |
| 010 |
|
|
|z 2005018668
|
| 020 |
|
|
|a 9780791481721
|
| 020 |
|
|
|z 0791467716
|
| 020 |
|
|
|z 9780791467718
|
| 035 |
|
|
|a (OCoLC)70182921
|
| 040 |
|
|
|a MdBmJHUP
|c MdBmJHUP
|
| 043 |
|
|
|a n-us---
|
| 050 |
0 |
4 |
|a LC2781
|b .F76 2006
|
| 082 |
0 |
|
|a 370/.7/2
|2 22
|
| 245 |
0 |
0 |
|a From Center to Margins :
|b The Importance of Self-Definition in Research /
|c edited by Diane S. Pollard and Olga M. Welch ; foreword by Christine E. Sleeter.
|
| 264 |
|
1 |
|a Albany, NY :
|b State University of New York Press,
|c 2006.
|
| 264 |
|
3 |
|a Baltimore, Md. :
|b Project MUSE,
|c 2012
|
| 264 |
|
4 |
|c ©2006.
|
| 300 |
|
|
|a 1 online resource (154 pages).
|
| 336 |
|
|
|a text
|b txt
|2 rdacontent
|
| 337 |
|
|
|a computer
|b c
|2 rdamedia
|
| 338 |
|
|
|a online resource
|b cr
|2 rdacarrier
|
| 504 |
|
|
|a Includes bibliographical references and index.
|
| 505 |
0 |
|
|a Women of color and research : a historical and contemporary context / Diane S. Pollard -- Making intellectual space : self-determination and indigenous research / Frances V. Rains -- Reflections on the process of becoming an academician / Barbara K. Curry -- Language, literacy and culture : intersections and implications / Sonia Nieto -- The outsider within multicultural education : understanding the field from a marginalized viewpoint / Valerie Ooka Pang -- Seeing with the cultural eye : different perspectives of African American teachers and researchers / Jacqueline Jordan Irvine -- Response to papers on "from center to margins" : the importance of self-definition in research / Maxine Greene -- Making the familiar strange : inclusion, exclusion and erasure : summarizing the philosophies of women researchers of color / Olga M. Welch.
|
| 588 |
|
|
|a Description based on print version record.
|
| 650 |
|
0 |
|a Marginality, Social
|z United States.
|
| 650 |
|
0 |
|a Discrimination in higher education
|z United States.
|
| 650 |
|
0 |
|a Minority women
|x Education (Higher)
|z United States.
|
| 650 |
|
0 |
|a African American college teachers.
|
| 650 |
|
0 |
|a African American women
|x Education (Higher)
|
| 655 |
|
7 |
|a Electronic books.
|2 local
|
| 700 |
1 |
|
|a Welch, Olga M.
|
| 700 |
1 |
|
|a Pollard, Diane.
|
| 710 |
2 |
|
|a Project Muse.
|e distributor
|
| 830 |
|
0 |
|a Book collections on Project MUSE.
|
| 856 |
4 |
0 |
|z Texto completo
|u https://projectmuse.uam.elogim.com/book/5071/
|
| 945 |
|
|
|a Project MUSE - Custom Collection
|
| 945 |
|
|
|a Project MUSE - Archive Complete Foundation
|
| 945 |
|
|
|a Project MUSE - Archive Higher Education Foundation
|